EJB design patterns: Advanced patterns, processes, and idioms

Guardado en:
Detalles Bibliográficos
Autor principal: Floyd Marinescu
Formato: Libro
Lenguaje:Undetermined
Publicado: New York John Wiley and Sons 2002
Materias:
Etiquetas: Agregar Etiqueta
Sin Etiquetas, Sea el primero en etiquetar este registro!
Thư viện lưu trữ: Trung tâm Học liệu Trường Đại học Cần Thơ
LEADER 00504nam a2200169Ia 4500
001 CTU_56376
008 210402s9999 xx 000 0 und d
082 |a 005.133 
082 |b M338 
100 |a Floyd Marinescu 
245 0 |a EJB design patterns: Advanced patterns, processes, and idioms 
245 0 |c Floyd Marinescu 
260 |a New York 
260 |b John Wiley and Sons 
260 |c 2002 
650 |a java ( computer program language ) 
980 |a Trung tâm Học liệu Trường Đại học Cần Thơ